[Event "34th Chess Olympiad (women)"]
[Site "Istanbul"]
[Date "2000.11.10"]
[Round "13.11.2"]
[White "Vo, Hong Phuong"]
[Black "Meenakshi, S"]
[WhiteElo "2261"]
[BlackElo "2226"]
[WhiteCountry "VIE"]
[BlackCountry "IND"]
[Result "1/2-1/2"]

1. e4 e5 2. Nf3 Nc6 3. Nc3 Nf6 4. Bb5 Bc5 5. O-O d6 6. d4 exd4 7. Nxd4 Bd7 
8. Nxc6 bxc6 9. Bd3 Bg4 10. Qe1 Nd7 11. Be3 Qe7 12. Na4 Bxe3 13. Qxe3 Ne5 
14. Ba6 Bd7 15. h3 c5 16. Nc3 Bc6 17. Rae1 O-O 18. f4 Nd7 19. b3 Qh4 
20. Bb5 Bxb5 21. Nxb5 Qd8 22. c4 Re8 23. Qg3 f6 24. Nc3 Rc8 25. Nd5 Kh8 
26. h4 Re6 27. Qg4 Qg8 28. h5 Nb6 29. Nc3 Rce8 30. Re3 Qf7 31. Rh3 h6 
32. f5 R6e7 33. Rff3 Nd7 34. Re3 Nb6 35. Qd1 Re5 36. Qd3 Qd7 37. Ne2 Qc6 
38. Nc3 R8e7 39. Rhg3 Qe8 40. Qd1 Rxf5 41. Rg6 Ree5 42. Reg3 Rg5 43. R6xg5 Rxg5 
44. Rxg5 hxg5 45. Qf3 Qe6 46. Qf5 Qxf5 47. exf5 c6 48. Ne4 d5 49. cxd5 Nxd5 
50. Kf2 Nb4 51. a4 c4 52. bxc4 Nd3+ 53. Ke3 Nb2 54. Kd4 Nxa4 55. c5 g4 
56. Nf2 g3 57. Ne4 Kh7 58. Nxg3 Kh6 59. Ne4 Kxh5 60. Nd6 Kg5 61. Ne8 Kxf5 
62. Nxg7+ Kg4 63. Ne6 Kg3 64. Nd8 Kxg2 65. Nxc6 f5 66. Ke5 Nxc5 67. Nxa7 
1/2-1/2

[Event "34th Chess Olympiad (women)"]
[Site "Istanbul"]
[Date "2000.11.10"]
[Round "13.11.3"]
[White "Dhar-Barua, Saheli"]
[Black "Le, Kieu Thien Kim"]
[WhiteElo "2212"]
[BlackElo "2331"]
[WhiteCountry "IND"]
[BlackCountry "VIE"]
[Result "1/2-1/2"]

1. e4 Nf6 2. e5 Nd5 3. d4 d6 4. Nf3 Bg4 5. Be2 e6 6. O-O Be7 7. c4 Nb6 
8. h3 Bh5 9. Nc3 O-O 10. Be3 Nc6 11. b3 Bg6 12. Qd2 dxe5 13. dxe5 Qxd2 
14. Bxd2 Rad8 15. Be3 Nd7 16. Bf4 Ba3 17. Rad1 Bb2 18. Na4 Bxe5 19. Bxe5 Ndxe5 
20. Nc5 b6 21. Na6 Nxf3+ 22. Bxf3 Nd4 23. Nxc7 Bc2 24. Rc1 Nxf3+ 25. gxf3 Rd2 
26. Kg2 Bf5 27. Nb5 Rxa2 28. Ra1 Rxa1 29. Rxa1 a5 30. c5 bxc5 31. Rxa5 Bc2 
32. Nd6 Bxb3 33. Rxc5 f5 34. f4 Bd5+ 35. Kg3 Rd8 36. Nc4 Bxc4 37. Rxc4 Kf7 
38. Ra4 Kf6 39. Ra6 h6 40. h4 Rd1 41. Kg2 Re1 42. f3 Re2+ 43. Kg3 Kg6 
44. Ra7 Re1 45. Kg2 Kf6 46. Ra6 Re2+ 47. Kg3 g5 48. hxg5+ hxg5 49. fxg5+ Kxg5 
50. f4+ Kf6 51. Kf3 Rb2 52. Kg3 Rb3+ 53. Kf2 
1/2-1/2

[Event "34th Chess Olympiad (women)"]
[Site "Istanbul"]
[Date "2000.11.10"]
[Round "13.12.1"]
[White "Hunt, Harriet"]
[Black "Botsari, Anna-Maria"]
[WhiteElo "2454"]
[BlackElo "2325"]
[WhiteCountry "ENG"]
[BlackCountry "GRE"]
[Result "1/2-1/2"]

1. e4 c5 2. Nf3 Nc6 3. d4 cxd4 4. Nxd4 Qc7 5. Nc3 e6 6. Be2 a6 7. O-O Nf6 
8. Kh1 Nxd4 9. Qxd4 Bc5 10. Qd3 b5 11. f4 Bb7 12. Bf3 h5 13. e5 Ng4 
14. Bxb7 Qxb7 15. Ne4 Be7 16. Bd2 Rc8 17. a3 Qc6 18. Bb4 h4 19. h3 Nh6 
20. Bxe7 Kxe7 21. Nd6 Rc7 22. f5 exf5 23. Nxf5+ Nxf5 24. Qxf5 Qg6 25. c3 Qxf5 
26. Rxf5 g6 27. Rf6 a5 28. Raf1 Rh7 29. Ra6 a4 30. Rd1 Rc5 31. Ra7 Rxe5 
32. Rdxd7+ Kf8 33. Rdb7 Rf5 34. c4 bxc4 35. Rxa4 Rc5 36. Ra8+ Kg7 37. Raa7 Kg8 
38. Rc7 Rb5 39. Rab7 Rhh5 40. Rxb5 Rxb5 41. Rxc4 Rxb2 42. Rxh4 Ra2 43. Ra4 Kg7 
44. Kh2 Kh6 45. Kg3 Kg7 46. Kf3 Ra1 47. Ra7 Ra2 48. a4 Kf6 49. Ra8 Kg5 
50. Kg3 Ra3+ 51. Kh2 Ra2 52. a5 Kf4 53. a6 Ra1 54. h4 Kg4 55. a7 Kf4 
1/2-1/2

[Event "34th Chess Olympiad (women)"]
[Site "Istanbul"]
[Date "2000.11.10"]
[Round "13.12.2"]
[White "Makropoulou, Marina"]
[Black "Lalic, Susan"]
[WhiteElo "2284"]
[BlackElo "2315"]
[WhiteCountry "GRE"]
[BlackCountry "ENG"]
[Result "1/2-1/2"]

1. e4 e6 2. d4 d5 3. Nc3 Bb4 4. e5 c5 5. Bd2 Ne7 6. f4 Nf5 7. Nf3 cxd4 
8. Nb5 Bc5 9. b4 Bb6 10. Bd3 Bd7 11. g4 a6 12. gxf5 Bxb5 13. fxe6 fxe6 
14. Ng5 Bxd3 15. cxd3 Qd7 16. Qg4 O-O 17. Nxe6 Re8 18. f5 Nc6 19. Rg1 Re7 
20. Bh6 Nxe5 21. Qxg7+ Rxg7 22. Rxg7+ Qxg7 23. Bxg7 Nc6 24. Kd2 Kf7 25. a3 Rg8 
26. Rg1 Nd8 27. Nxd8+ Bxd8 28. Bxd4 Rxg1 29. Bxg1 Kf6 30. Bd4+ Kxf5 31. Ke3 b5 
32. Bg7 Bb6+ 33. Kf3 Bc7 34. h3 Bf4 35. Bb2 h5 36. Ke2 Bh6 37. Kf3 Bd2 
38. Ke2 Bg5 39. Kf3 Bf4 40. Ke2 Kg5 41. Kf3 Bc7 42. Bd4 Bd6 43. Bc3 Kf5 
44. Bb2 Bh2 45. Bc3 Bg1 46. Bb2 Ba7 47. Bc3 Bb8 48. Bb2 Bf4 49. Ke2 Bh2 
1/2-1/2

[Event "34th Chess Olympiad (women)"]
[Site "Istanbul"]
[Date "2000.11.10"]
[Round "13.12.3"]
[White "Houska, Jovanka"]
[Black "Kouvatsou, Maria"]
[WhiteElo "2279"]
[BlackElo "2223"]
[WhiteCountry "ENG"]
[BlackCountry "GRE"]
[Result "1-0"]

1. e4 c5 2. Nc3 g6 3. g3 Bg7 4. Bg2 Nc6 5. d3 d6 6. Be3 e5 7. Qd2 Nge7 
8. f4 exf4 9. Bxf4 Nd4 10. Nf3 O-O 11. O-O d5 12. Nxd4 Bxd4+ 13. Kh1 Be6 
14. Bg5 f6 15. Bh6 Rf7 16. Ne2 dxe4 17. Nf4 Bd7 18. dxe4 Qe8 19. c3 Be5 
20. Nd3 Bd6 21. e5 fxe5 22. Rxf7 Qxf7 23. Nxe5 Qe6 24. Nxd7 Qxd7 25. Rd1 Rd8 
26. Bf4 Nf5 27. g4 Qb5 28. gxf5 Bc7 29. Bd5+ 
1-0

[Event "34th Chess Olympiad (women)"]
[Site "Istanbul"]
[Date "2000.11.10"]
[Round "13.13.3"]
[White "Aginian, Nelly"]
[Black "Shukurova, Meihriban"]
[WhiteElo "2205"]
[BlackElo "2255"]
[WhiteCountry "ARM"]
[BlackCountry "AZE"]
[Result "1/2-1/2"]

1. e4 e5 2. Nf3 Nc6 3. Bb5 f5 4. d3 fxe4 5. dxe4 Nf6 6. O-O Bc5 7. Bxc6 bxc6 
8. Nxe5 O-O 9. Bg5 Qe8 10. Bxf6 Rxf6 11. Nd3 Bb6 12. Nd2 Ba6 13. c4 d5 
14. Qa4 Qc8 15. Nb4 Bxc4 16. Nxc4 dxc4 17. Nxc6 Qe6 18. Na5 Raf8 19. Kh1 Rh6 
20. Nxc4 Bxf2 21. Qb3 Rhf6 22. Nd2 Qxb3 23. Nxb3 Re6 24. Nd2 Be3 25. Rxf8+ Kxf8 
26. Nf3 Rxe4 27. Re1 Re7 28. g3 Bc5 29. Kg2 Re3 30. Rxe3 Bxe3 31. Ne5 Bd4 
32. Nc4 Ke7 33. Kf3 Ke6 34. Ke4 Bf6 35. b3 a6 36. g4 Bc3 37. h3 Bf6 38. Nd2 Bc3 
39. Nc4 Bf6 40. Nd2 Bc3 41. Nf3 Bf6 42. Ne1 Be7 43. Ng2 g6 44. Nf4+ Kd6 
45. Nd5 Bd8 46. Nb4 a5 47. Nd5 c6 48. Ne3 Bc7 49. Nc4+ Kc5 50. Kd3 Kd5 
51. a3 Bd8 52. a4 Bc7 53. Ke3 Kc5 54. Kd3 Kb4 55. Kc2 Kc5 56. Kd3 Kb4 
57. Kc2 Kc5 58. Kd3 Kb4 59. Ke4 
1/2-1/2

[Event "34th Chess Olympiad (women)"]
[Site "Istanbul"]
[Date "2000.11.10"]
[Round "13.14.3"]
[White "Hasurdzic, Mirna"]
[Black "Piarnpuu, Leili"]
[WhiteElo "2000"]
[BlackElo "2227"]
[WhiteCountry "BIH"]
[BlackCountry "EST"]
[Result "1/2-1/2"]

1. e4 e5 2. Nf3 Nc6 3. Bb5 a6 4. Ba4 Nf6 5. O-O Be7 6. Re1 b5 7. Bb3 O-O 
8. c3 d6 9. h3 a5 10. d4 a4 11. Bc2 Bd7 12. Bd3 Qb8 13. Nbd2 Re8 14. Nf1 h6 
15. Ng3 Bf8 16. d5 Na5 17. b3 axb3 18. axb3 c6 19. c4 cxd5 20. cxd5 Rc8 
21. Bb2 g6 22. Nd2 Bg7 23. Kh1 b4 24. Nc4 Nxc4 25. Rxa8 Qxa8 26. Bxc4 Qb7 
27. Qe2 Ra8 28. Ra1 Rxa1+ 29. Bxa1 h5 30. Qe3 Ne8 31. Qg5 Bf6 32. Qe3 Bd8 
33. f3 Bb6 34. Qg5 Qa7 35. Bb2 Qa2 36. Bc1 Qf2 37. Ne2 Ng7 38. Qg3 Qc5 
39. Bd2 Bb5 40. Bxb5 Qxb5 41. Qe1 Bc5 42. Nc1 f5 43. Na2 Qd3 44. Nxb4 Qxb3 
45. Nc6 fxe4 46. fxe4 Qd3 47. Bb4 Bxb4 48. Qxb4 Qf1+ 49. Kh2 Qf4+ 50. Kg1 Qc1+ 
51. Kh2 Qf4+ 52. Kg1 Qc1+ 53. Kh2 Qf4+ 54. Kg1 
1/2-1/2

[Event "34th Chess Olympiad (women)"]
[Site "Istanbul"]
[Date "2000.11.10"]
[Round "13.15.1"]
[White "Berezina, Irina"]
[Black "Hamid, Rani"]
[WhiteElo "2304"]
[BlackElo "2106"]
[WhiteCountry "AUS"]
[BlackCountry "BAN"]
[Result "1-0"]

1. d4 Nf6 2. c4 e6 3. Nf3 Bb4+ 4. Bd2 Qe7 5. g3 Ne4 6. a3 Bxd2+ 7. Nbxd2 Nxd2 
8. Qxd2 d6 9. Bg2 O-O 10. O-O Nd7 11. e4 e5 12. Rfe1 Re8 13. Rac1 Nf8 14. h3 a5 
15. b3 Qf6 16. Kh2 Ne6 17. d5 Nc5 18. Rc3 a4 19. b4 Nb3 20. Qe3 b6 21. Rd1 Bd7 
22. Ne1 Qg6 23. f4 f5 24. fxe5 dxe5 25. exf5 Qxf5 26. Nf3 Rad8 27. Rf1 Qh5 
28. Ng5 h6 29. Ne4 Rf8 30. Rxf8+ Rxf8 31. Rc2 Qd1 32. Rc3 Bf5 33. Rd3 Qb1 
34. d6 c5 35. bxc5 bxc5 36. g4 Bxe4 37. Qxe4 Qb2 38. d7 Rd8 39. Qg6 e4 
40. Qe8+ Kh7 41. Qxe4+ g6 42. Qe7+ Qg7 43. Qxd8 
1-0

[Event "34th Chess Olympiad (women)"]
[Site "Istanbul"]
[Date "2000.11.10"]
[Round "13.15.2"]
[White "Sultana, Zakia"]
[Black "Dekic, Biljana N"]
[WhiteElo "2044"]
[BlackElo "2104"]
[WhiteCountry "BAN"]
[BlackCountry "AUS"]
[Result "1/2-1/2"]

1. d4 Nf6 2. e3 e6 3. Nf3 b6 4. Bd3 Bb7 5. Nbd2 Be7 6. b3 d6 7. Bb2 Nbd7 
8. O-O Nf8 9. e4 Ng6 10. Re1 O-O 11. c4 e5 12. Qc2 Nd7 13. Rad1 Qc8 14. Bf1 c5 
15. dxe5 Ndxe5 16. Nxe5 dxe5 17. Nf3 Qc7 18. Rd2 Rad8 19. Red1 Rxd2 
20. Rxd2 Rd8 21. Rxd8+ Bxd8 22. g3 Qd6 23. Qd3 Bc7 24. Qxd6 Bxd6 25. Nd2 Kf8 
26. f3 Ne7 27. Kf2 Nc6 28. Bd3 g6 29. Nf1 Ke7 30. Ne3 Ke6 31. Nd5 Nb4 
32. Nxb4 cxb4 33. Bc1 Bc5+ 34. Be3 Kd6 35. Ke2 f6 36. Bd2 a5 37. g4 g5 
38. Be3 Bxe3 39. Kxe3 Kc5 40. Be2 Bc6 41. Bd3 Be8 42. Bc2 h6 43. Bd1 Bf7 
44. Bc2 Be8 45. Bd1 a4 46. Bc2 b5 47. cxb5 axb3 48. axb3 Bxb5 49. Bd3 Be8 
50. Bc2 Bf7 51. Bd1 h5 52. Bc2 hxg4 53. fxg4 Bg8 54. Bd1 Be6 55. Kd3 Bd7 
56. Ke3 Bb5 57. Bc2 Bd7 58. Bd1 Be6 
1/2-1/2

[Event "34th Chess Olympiad (women)"]
[Site "Istanbul"]
[Date "2000.11.10"]
[Round "13.15.3"]
[White "Moylan, Laura"]
[Black "Khan, Nazrana"]
[WhiteElo "2076"]
[BlackElo "2000"]
[WhiteCountry "AUS"]
[BlackCountry "BAN"]
[Result "1-0"]

1. e4 c5 2. Nf3 Nc6 3. d4 cxd4 4. Nxd4 d6 5. c4 Nf6 6. Nc3 a6 7. Be2 g6 
8. Be3 Bg7 9. O-O O-O 10. Kh1 Bd7 11. f3 Rc8 12. Qd2 Re8 13. Rfd1 Ne5 
14. b3 Qc7 15. Rac1 Qa5 16. Bf1 Qc7 17. Qf2 e6 18. Nde2 Bf8 19. Rc2 Qb8 
20. Bg5 Nh5 21. Rcd2 f6 22. Be3 Bc6 23. h3 f5 24. exf5 exf5 25. Nd5 Bxd5 
26. Rxd5 Nf6 27. R5d2 Qc7 28. Bg5 Qf7 29. Nc3 h6 30. Bxf6 Qxf6 31. Nd5 Qg7 
32. f4 Nc6 33. g4 Kh8 34. gxf5 gxf5 35. Ne3 Qf6 36. Rd5 Qe6 37. Nxf5 Rcd8 
38. Qd2 Ne7 39. Rxd6 Rxd6 40. Nxd6 Rb8 41. Re1 Qf6 42. Ne4 Qh4 43. Qf2 Qh5 
44. Nc5 Ng6 45. Ne6 Re8 46. Bg2 b5 47. Qd4+ Kg8 48. Qd5 Nxf4 49. Nxf4+ Kh8 
50. Nxh5 
1-0

[Event "34th Chess Olympiad (women)"]
[Site "Istanbul"]
[Date "2000.11.10"]
[Round "13.16.1"]
[White "Hund, Barbara"]
[Black "Pokorna, Regina"]
[WhiteElo "2292"]
[BlackElo "2363"]
[WhiteCountry "SUI"]
[BlackCountry "SVK"]
[Result "1/2-1/2"]

1. e4 e5 2. Bc4 Nf6 3. d3 Bc5 4. Be3 Bb6 5. Bxb6 axb6 6. Ne2 d5 7. exd5 Nxd5 
8. Nbc3 Be6 9. Bxd5 Bxd5 10. O-O Nc6 11. f4 Qd7 12. fxe5 O-O-O 13. Nf4 Be6 
14. Nxe6 Qxe6 15. Qe2 Nxe5 16. a4 Nc6 17. Qxe6+ fxe6 18. Rf7 Rd7 19. Raf1 Re8 
20. Nb5 Rxf7 21. Rxf7 Re7 22. Rxe7 Nxe7 23. Nd4 Kd7 24. Kf2 Nd5 25. Ke2 Kd6 
1/2-1/2

[Event "34th Chess Olympiad (women)"]
[Site "Istanbul"]
[Date "2000.11.10"]
[Round "13.16.2"]
[White "Hagarova, Zuzana"]
[Black "Gruenenwald, Evi"]
[WhiteElo "2321"]
[BlackElo "2038"]
[WhiteCountry "SVK"]
[BlackCountry "SUI"]
[Result "1-0"]

1. e4 c5 2. Nf3 d6 3. d4 cxd4 4. Nxd4 Nf6 5. Nc3 a6 6. Bg5 e6 7. Qd3 Be7 
8. Be2 Nbd7 9. f4 Qc7 10. O-O-O b5 11. Bf3 Nc5 12. Qe3 Bb7 13. e5 dxe5 
14. fxe5 Nfd7 15. Bxe7 Kxe7 16. Bxb7 Nxb7 17. Qg5+ Kf8 18. Nxe6+ fxe6 19. Rhf1+ 
1-0

[Event "34th Chess Olympiad (women)"]
[Site "Istanbul"]
[Date "2000.11.10"]
[Round "13.16.3"]
[White "Bohrer Moser, Ruth"]
[Black "Mrvova, Alena"]
[WhiteElo "2015"]
[BlackElo "2231"]
[WhiteCountry "SUI"]
[BlackCountry "SVK"]
[Result "1/2-1/2"]

1. d4 d5 2. c4 e6 3. Nf3 Nf6 4. Bf4 Be7 5. e3 O-O 6. Nc3 b6 7. Bd3 Bb7 
8. cxd5 exd5 9. O-O c5 10. dxc5 bxc5 11. Rc1 h6 12. Bb1 Nbd7 13. Qc2 Ne4 
14. Nxe4 dxe4 15. Ne5 Nxe5 16. Bxe5 Qb6 17. Rfd1 Qe6 18. Bc3 Bc6 19. Rd2 Rfd8 
20. Rcd1 Rxd2 21. Rxd2 Rd8 22. b3 Rxd2 23. Qxd2 Qd5 24. Qxd5 Bxd5 25. Kf1 f5 
26. Ke2 Kf7 27. f3 g5 28. Bc2 h5 29. Kf2 Ke6 30. Ke2 Bc6 31. fxe4 fxe4 
32. h3 Kf5 33. Kf2 Bd6 34. Bd1 Kg6 35. Be2 Bd5 36. Bb5 g4 37. hxg4 hxg4 
38. g3 Kf5 39. Be1 Be5 40. Ke2 Ke6 41. Kd2 Bb7 42. Be2 Kf5 43. Kc2 Bd5 
44. Ba6 Be6 45. Bb7 Bf7 46. Bc8+ Be6 47. Bb7 Bf7 48. Bc8+ Be6 49. Bb7 
1/2-1/2

[Event "34th Chess Olympiad (women)"]
[Site "Istanbul"]
[Date "2000.11.10"]
[Round "13.18.1"]
[White "Batceceg, Tuvshintogs"]
[Black "Agrest, Svetlana"]
[WhiteElo "2237"]
[BlackElo "2210"]
[WhiteCountry "MGL"]
[BlackCountry "SWE"]
[Result "0-1"]

1. Nf3 d6 2. d4 f5 3. g3 Nf6 4. Bg2 g6 5. O-O Bg7 6. c4 O-O 7. Nc3 Nc6 
8. d5 Na5 9. Qd3 e5 10. dxe6 Bxe6 11. b3 Nc6 12. Bb2 Kh8 13. e3 Qe7 14. Nd4 Bd7 
15. Nd5 Qd8 16. Rfd1 Ne5 17. Qc2 c6 18. Nf4 Qe7 19. a4 Nf7 20. Ba3 g5 
21. Nfe2 Ne4 22. Rac1 Rae8 23. Bb2 Nh6 24. Nc3 Nxc3 25. Bxc3 f4 26. exf4 gxf4 
27. Re1 Qf7 28. Be4 Ng4 29. Nf3 fxg3 30. fxg3 Qh5 31. Bxg7+ Kxg7 32. Qc3+ Kg8 
33. Nh4 Qc5+ 34. Kg2 Qf2+ 
0-1

[Event "34th Chess Olympiad (women)"]
[Site "Istanbul"]
[Date "2000.11.10"]
[Round "13.18.3"]
[White "Anhchimeg, Bayanmonh"]
[Black "Andersson, Christin"]
[WhiteElo "2139"]
[BlackElo "2096"]
[WhiteCountry "MGL"]
[BlackCountry "SWE"]
[Result "1-0"]

1. e4 e6 2. d4 d5 3. Nd2 dxe4 4. Nxe4 Nf6 5. Nxf6+ Qxf6 6. Nf3 Nc6 7. Bd3 h6 
8. O-O Bd7 9. c3 Bd6 10. Re1 O-O-O 11. b4 Rhe8 12. b5 Ne7 13. Ne5 Nd5 
14. c4 Nb4 15. Be4 Bxb5 16. Ng4 Bxh2+ 17. Nxh2 Rxd4 18. Qf3 Qxf3 19. Nxf3 Rxc4 
20. Bb2 f5 21. Bb1 g5 22. Ne5 Rc5 23. a3 Nc2 24. Rc1 Rxe5 25. Bxe5 Nxa1 
26. Rxc7+ Kd8 27. Rxb7 a6 28. Bxa1 Kc8 29. Rh7 Rd8 30. Rh8 Rxh8 31. Bxh8 Kd7 
32. g4 fxg4 33. Bg6 Ke7 34. Bg7 Be2 35. Bh5 Bf3 36. Kf1 Kd6 37. Bxh6 e5 
38. Bxg5 Kd5 39. Ke1 Kd4 40. Kd2 Ke4 41. Bg6+ Kd4 42. Be3+ Kc4 43. Bd3+ Kb3 
44. Bc5 a5 45. Be2 Bd5 46. Bxg4 Kc4 47. Bd6 Kd4 48. Bf5 Bb3 49. Bc7 a4 
50. Bc2 Bd5 51. Bb6+ Kc4 52. Bxa4 Bb7 53. Ke3 Kd5 54. Bc2 Kc4 55. Be4 Bc8 
56. a4 Kb4 57. a5 Kb5 58. Bd3+ Kc6 59. Ke4 Bh3 60. Kxe5 Kb7 61. Bd4 Bd7 62. a6+ 
1-0

[Event "34th Chess Olympiad (women)"]
[Site "Istanbul"]
[Date "2000.11.10"]
[Round "13.19.1"]
[White "Grosar, Kiti"]
[Black "Klinova, Masha"]
[WhiteElo "2223"]
[BlackElo "2350"]
[WhiteCountry "SLO"]
[BlackCountry "ISR"]
[Result "1-0"]

1. e4 d6 2. d4 g6 3. Nc3 Nf6 4. f3 c6 5. Be3 b5 6. Qd2 Nbd7 7. h4 e5 8. g4 h5 
9. g5 b4 10. Nce2 Nh7 11. f4 c5 12. dxe5 dxe5 13. Bh3 Nb6 14. Qxd8+ Kxd8 
15. O-O-O+ Ke8 16. Bxc8 Rxc8 17. fxe5 Bg7 18. Nf3 Nf8 19. b3 Ne6 20. Nf4 Nd7 
21. Rd6 Nxf4 22. Bxf4 Ke7 23. Rhd1 Rhd8 24. Ra6 Ra8 25. e6 fxe6 26. Bd6+ Ke8 
27. Bc7 Rdc8 28. Rxe6+ Kf7 29. Rc6 Nb8 30. Rxc5 Na6 31. Rc6 Rxc7 32. Rxc7+ Nxc7 
33. Rd7+ Kg8 34. Rxc7 Rf8 35. Nd2 Rf4 36. Kd1 Rxh4 37. Ke2 Rg4 38. Rxa7 Rxg5 
39. a3 Bc3 40. Nf3 
1-0

[Event "34th Chess Olympiad (women)"]
[Site "Istanbul"]
[Date "2000.11.10"]
[Round "13.19.2"]
[White "Pitam, Ela"]
[Black "Licina, Anita"]
[WhiteElo "2323"]
[BlackElo "2200"]
[WhiteCountry "ISR"]
[BlackCountry "SLO"]
[Result "1-0"]

1. c4 Nf6 2. Nc3 c5 3. g3 d5 4. cxd5 Nxd5 5. Bg2 Nc7 6. Nf3 Nc6 7. d3 e5 
8. O-O Be7 9. Be3 f6 10. Rc1 Rb8 11. a3 a5 12. Nd2 Bd7 13. Re1 O-O 14. Nd5 Nd4 
15. Bxd4 exd4 16. Nb3 Ba4 17. Nb6 Bxb3 18. Qxb3+ Kh8 19. Qa4 f5 20. Qxa5 f4 
21. g4 f3 22. Bxf3 Bd6 23. Rxc5 Bxc5 24. Qxc5 Ne6 25. Qb5 Nf4 26. Nd7 Nh3+ 
27. Kg2 Nf4+ 28. Kh1 Qh4 29. Nxf8 Qxf2 30. Rc1 Rxf8 31. Qf5 Ng6 32. Qe4 Nh4 
33. Qe7 Ng6 34. Qxb7 Qe3 35. Rf1 h6 36. Qe4 Qxe4 37. dxe4 Ne5 38. Kg2 Nc4 
39. Kg3 Rb8 40. Rd1 Rd8 41. b4 Nxa3 42. e5 g5 43. e6 Nc2 44. b5 Kg7 45. Rc1 d3 
46. exd3 Nd4 47. e7 Rb8 48. Rc7 Kf7 49. Bd5+ Ke8 50. Be4 Kf7 51. Bc6 Nxc6 
52. bxc6 Ke8 53. d4 
1-0

[Event "34th Chess Olympiad (women)"]
[Site "Istanbul"]
[Date "2000.11.10"]
[Round "13.19.3"]
[White "Mihevc Mohr, Narcisa"]
[Black "Borsuk, Angela"]
[WhiteElo "2170"]
[BlackElo "2303"]
[WhiteCountry "SLO"]
[BlackCountry "ISR"]
[Result "0-1"]

1. e4 d5 2. exd5 Qxd5 3. Nc3 Qa5 4. d4 Nf6 5. Bc4 Bf5 6. Nf3 e6 7. Qe2 Bb4 
8. Bd2 c6 9. O-O-O b5 10. Bb3 O-O 11. Ne5 Qc7 12. g4 Bxc3 13. bxc3 Bg6 
14. h4 a5 15. h5 Be4 16. g5 Ng4 17. Qxg4 Bf5 18. Qg3 a4 19. g6 axb3 
20. gxf7+ Rxf7 21. axb3 Ra2 22. Rdg1 Qa7 23. Kd1 Bxc2+ 24. Ke2 Na6 
25. Nxf7 Qxf7 26. Qe5 Bxb3 27. Ra1 Bc4+ 28. Ke3 Nc7 29. f4 Nd5+ 30. Kf3 Nf6 
31. Rxa2 Bxa2 32. Rh4 h6 33. Qb8+ Kh7 34. Qe5 Bb3 35. Ke2 Bc4+ 36. Ke1 Qa7 
37. Qe3 Qa1+ 38. Kf2 Qf1+ 39. Kg3 Bd5 40. Rh2 Qd1 41. Qe2 Qg1+ 42. Kh3 Be4 
43. Be3 Bf5+ 44. Kh4 Qa1 45. c4 bxc4 46. Qxc4 Qe1+ 47. Bf2 Qd1 
0-1

[Event "34th Chess Olympiad (women)"]
[Site "Istanbul"]
[Date "2000.11.10"]
[Round "13.20.1"]
[White "Koskoska, Gabriela"]
[Black "Nepeina-Leconte, Maria"]
[WhiteElo "2219"]
[BlackElo "2289"]
[WhiteCountry "FRM"]
[BlackCountry "FRA"]
[Result "1/2-1/2"]

1. e4 e6 2. d3 d5 3. Qe2 Nf6 4. Nf3 Nc6 5. c3 a5 6. e5 Nd7 7. d4 f6 8. Bf4 fxe5 
9. Nxe5 Ndxe5 10. Bxe5 Nxe5 11. Qxe5 Qd7 12. Be2 Bd6 13. Bh5+ Kd8 14. Qg5+ Qe7 
15. Qxe7+ Kxe7 16. O-O c5 17. Nd2 cxd4 18. cxd4 Bd7 19. g3 Rac8 20. Rac1 Bb4 
21. Nb1 a4 22. f4 Ba5 23. Kf2 Bb6 24. Ke3 Rxc1 25. Rxc1 g5 26. Nd2 gxf4+ 
27. gxf4 Rg8 28. Be2 Rg2 29. Nf3 Kd6 30. Rc2 Rg4 31. Bd3 h6 32. Rf2 Be8 
33. Rf1 Rg2 34. Be2 Bh5 35. h4 Bxf3 36. Kxf3 Rh2 37. Rd1 Rh3+ 38. Kg4 Rh2 
39. Rd2 Bd8 40. h5 Rh4+ 41. Kg3 Rxf4 42. Kxf4 Bg5+ 43. Kf3 Bxd2 44. Bb5 Bc1 
45. Bxa4 Bxb2 46. Ke3 Bc3 47. Kd3 Ba5 48. Bb5 Ke7 49. Ba4 
1/2-1/2

[Event "34th Chess Olympiad (women)"]
[Site "Istanbul"]
[Date "2000.11.10"]
[Round "13.20.2"]
[White "Te-Lallemand, Rosa"]
[Black "Sekulovska, Vesna"]
[WhiteElo "2289"]
[BlackElo "2120"]
[WhiteCountry "FRA"]
[BlackCountry "FRM"]
[Result "1-0"]

1. e4 e5 2. Nf3 Nc6 3. Bb5 a6 4. Ba4 Nf6 5. Qe2 b5 6. Bb3 Bc5 7. c3 d6 8. d3 h6 
9. Be3 Bxe3 10. fxe3 O-O 11. O-O Be6 12. Nbd2 Bxb3 13. axb3 d5 14. exd5 Nxd5 
15. g3 Qd7 16. e4 Nde7 17. Nh4 Rad8 18. Rf3 a5 19. Raf1 f6 20. Qf2 Qd6 
21. Rd1 g5 22. Nf5 Nxf5 23. exf5 Qd5 24. Re3 Rf7 25. Qe2 Ne7 26. Rf1 Qd7 
27. Qh5 Kg7 28. Ne4 Qc6 29. Ref3 Qb6+ 30. Kh1 Qc6 31. Kg1 Qb6+ 32. Kg2 Qc6 
33. h4 Rxd3 34. Rxd3 Qxe4+ 35. Qf3 Qxf3+ 36. Rdxf3 Nc6 37. Rd3 b4 38. Rd5 bxc3 
39. bxc3 e4 40. Re1 Re7 41. Rc5 Ne5 42. Re2 e3 43. Rxe3 Rd7 44. Re4 Re7 
45. Rd4 g4 46. Rd2 Rd7 47. Re2 Rd6 48. Rxa5 Rd3 49. Rc5 c6 50. h5 Rf3 
51. Ra2 Rxf5 52. Ra7+ Kg8 53. Rca5 
1-0

[Event "34th Chess Olympiad (women)"]
[Site "Istanbul"]
[Date "2000.11.10"]
[Round "13.20.3"]
[White "Janevska, Aleksandra"]
[Black "Muller, Anne"]
[WhiteElo "2020"]
[BlackElo "2135"]
[WhiteCountry "FRM"]
[BlackCountry "FRA"]
[Result "1/2-1/2"]

1. d4 Nf6 2. c4 e6 3. Nc3 Bb4 4. Qb3 c5 5. dxc5 Nc6 6. Nf3 Ne4 7. a3 Bxc3+ 
8. bxc3 Nxc5 9. Qc2 b6 10. Bf4 Qe7 11. e3 Ba6 12. Rb1 O-O 13. Be2 Na5 
14. Rb4 Rac8 15. O-O f5 16. Rd1 Ne4 17. Bd3 Bb7 18. Bxe4 Bxe4 19. Qe2 Nb7 
20. Qd2 Bxf3 21. gxf3 Rfd8 22. e4 h6 23. exf5 d5 24. Qe2 dxc4 25. Rxd8+ Nxd8 
26. Rxc4 Rxc4 27. Qxc4 Kh7 28. Qe4 Kg8 29. Qc4 Kh7 30. fxe6 Nxe6 31. Be3 Qf7 
32. Qe4+ Kg8 33. Kf1 Nc5 34. Bxc5 bxc5 35. c4 Qc7 36. Kg2 a5 37. h3 Qb6 
38. Qd5+ Kh7 39. Qe4+ Kg8 40. Qe8+ Kh7 41. Qe4+ Kg8 42. h4 Kh8 43. Qd5 Qc7 
44. h5 Kh7 45. Qf5+ Kh8 46. f4 Qe7 47. Kg3 Qd6 48. Qd5 Qb6 49. Kg4 a4 
50. Qa8+ Kh7 51. Qxa4 Qe6+ 52. Kg3 Qe1 53. Qc2+ Kh8 54. Kg2 Qe6 55. a4 Qg4+ 
56. Kf1 Qxh5 57. a5 Qh1+ 58. Ke2 Qh5+ 59. Ke3 Qe8+ 60. Kf3 Qa8+ 61. Qe4 Qxa5 
62. Qe8+ Kh7 63. Qe4+ 
1/2-1/2

[Event "34th Chess Olympiad (women)"]
[Site "Istanbul"]
[Date "2000.11.10"]
[Round "13.21.1"]
[White "Hagesaether, Ellen"]
[Black "Geldyeva, Mexnri"]
[WhiteElo "2044"]
[BlackElo "2283"]
[WhiteCountry "NOR"]
[BlackCountry "TKM"]
[Result "1-0"]

1. Nf3 Nf6 2. g3 d5 3. Bg2 g6 4. O-O Bg7 5. d3 O-O 6. Nbd2 c6 7. e4 dxe4 
8. dxe4 Qc7 9. c3 Nbd7 10. b4 Rd8 11. Qe2 Ng4 12. Bb2 a5 13. a3 b6 14. Nd4 e5 
15. Ne6 fxe6 16. Qxg4 Nf6 17. Qe2 Ba6 18. c4 Ne8 19. Nf3 Nd6 20. Bxe5 Bxc4 
21. Qxc4 Bxe5 22. Qxe6+ Nf7 23. Nxe5 Qxe5 24. Qxe5 Nxe5 25. f4 Nc4 26. e5 Rac8 
27. Bh3 Kf7 28. Bxc8 Rxc8 29. bxa5 b5 30. a6 Ke6 31. a4 b4 32. Rac1 Nb6 
33. a5 Na4 34. Rfd1 c5 35. Rd6+ Ke7 36. Rb6 Ra8 37. Rb7+ Ke6 38. a7 Nc3 
39. Rc2 Ne4 40. Kg2 Kd5 41. Kf3 Nc3 42. Ke3 Kc6 43. a6 Nd5+ 44. Kd3 Nb6 
45. e6 b3 46. Re2 Kd5 
1-0

[Event "34th Chess Olympiad (women)"]
[Site "Istanbul"]
[Date "2000.11.10"]
[Round "13.21.2"]
[White "Atbashieva, Guldjahan"]
[Black "Johnsen, Sylvia"]
[WhiteElo "2243"]
[BlackElo "2049"]
[WhiteCountry "TKM"]
[BlackCountry "NOR"]
[Result "1-0"]

1. e4 e5 2. Nf3 Nc6 3. Bc4 Bc5 4. d3 Nf6 5. c3 O-O 6. O-O d6 7. h3 a6 
8. Bb3 Bb6 9. Nbd2 Na5 10. Bc2 c5 11. Re1 Bd7 12. Nf1 Qe7 13. Ng3 Rfc8 
14. Bg5 g6 15. d4 cxd4 16. cxd4 Nc6 17. dxe5 Nxe5 18. Bb3 Bb5 19. a4 Bc4 
20. Bxc4 Nxc4 21. e5 Nxe5 22. Ne4 Bxf2+ 23. Nxf2 h6 24. Bxh6 Qe6 25. Nxe5 dxe5 
26. Ra3 Rc4 27. Rd3 Kh7 28. Bg5 Nh5 29. b3 Rb4 30. Ne4 Qf5 31. g4 
1-0

[Event "34th Chess Olympiad (women)"]
[Site "Istanbul"]
[Date "2000.11.10"]
[Round "13.21.3"]
[White "Hersvik, Anita"]
[Black "Ovezova, Maisa"]
[WhiteElo "2172"]
[BlackElo "2174"]
[WhiteCountry "NOR"]
[BlackCountry "TKM"]
[Result "0-1"]

1. e4 d5 2. exd5 Qxd5 3. Nc3 Qa5 4. d4 Nf6 5. Bd2 Qb6 6. Nf3 Bg4 7. Be2 c6 
8. Bc1 e6 9. O-O Nbd7 10. Re1 Rd8 11. b3 Qa5 12. Bd2 Qc7 13. h3 Bh5 
14. Ng5 Bxe2 15. Qxe2 Qd6 16. Bf4 Qe7 17. Nce4 Nb6 18. Rad1 h6 19. Nxf6+ Qxf6 
20. Qh5 hxg5 21. Qxh8 gxf4 22. c3 Nd5 23. Rd3 Qg6 24. Rf3 Kd7 25. Qh4 f5 
26. Rxf4 Be7 27. Qg3 Qxg3 28. fxg3 Nxf4 29. gxf4 Bh4 30. Re3 g5 31. fxg5 f4 
32. Rf3 Bxg5 33. g3 fxg3 34. Rxg3 Be7 35. Kf1 Kd6 36. Ke2 Rf8 37. Rg2 c5 
38. dxc5+ Kxc5 39. Rg7 Kd6 40. c4 Rh8 41. Rg3 Bf6 42. Kd3 Rh4 43. Rf3 Be7 
44. Re3 e5 45. Rg3 e4+ 46. Kd4 Bf6+ 47. Ke3 Ke5 48. b4 Rh5 49. a4 Bg5+ 
50. Ke2 Kd4 51. Rg4 Bf6 52. Rg6 Be5 53. Re6 Rxh3 54. Re7 Rh2+ 55. Kf1 e3 
56. Rd7+ Kxc4 
0-1